The book of splendor

Titel: The book of splendor / Frances Sherwood
Verfasser:
Ausgabe: 1. ed.
Veröffentlicht: New York : Norton, 2002
Umfang: 348 Seiten
Format: Buch
Sprache: Englisch
Schlagworte:
ISBN: 0393021386
Buchumschlag
X
Lokale Klassifikation: 57 USA ; 23 7 W ; 23 10 F ; 23 3 F
alg: 10548812
001A    $06053:05-07-02 
001B    $01999:24-10-25 $t08:28:41.000 
001D    $00030:15-07-03 
001U    $0utf8 
001X    $00 
002@    $0Aay 
002C    $aText $btxt $2rdacontent 
002D    $aohne Hilfsmittel zu benutzen $bn $2rdamedia 
002E    $aBand $bnc $2rdacarrier 
003@    $0105488127 
003O    $048837627 $aOCoLC 
004A    $00-393-02138-6 $fUSD 25.95 Hardbound book 
006A    $02002000520 
006H    $0R3311626 
007A    $0105488127 $aHEB 
010@    $aeng 
011@    $a2002 $n2002 
021A    $aThe @book of splendor $hFrances Sherwood 
028A    $BVerfasser $#Sherwood, Frances $4aut $7124953875 $8Sherwood, Frances$Z1940- [Tp1] $9155541218 
032@    $a1. ed. 
033A    $pNew York $nNorton 
034D    $a348 Seiten 
044K    $RNordseegermanische Sprachen $#English language $#Anglais (langue) $#Britisches Englisch $#Englische Sprache $74014777-0 $8Englisch [Tsz] $9085033405 
044K    $REpik $RAntiroman $RRomance $#Fiction $#Fiction History and criticism $#Roman $#Romanzi $#Novela $#Novelas $#Roman $#Prosaroman $74050479-7 $8Roman [Tsz] $9085140708 
044K    $RJudentum $RIsraeliten $RStämme Israels $#Jude $74028808-0 $8Juden [Ts1] $9085075922 
045A    $aPS3569 
045B    $a813.54 $ALoC $eDDC21oclc 
045F    $a900.94371 $eDDC23BSB 
045F/01 $a900 
045F/03 $g4371 
045G    $a800 $eDDC23BSB 
045G/01 $a800 
045G/03 $g4371 
045H    $a909.04924094371 $eDDC23BSB 
045H/01 $a909.04924 
045H/03 $g4371 

lok: 10548812 3
101B    $025-02-08 $t17:29:22.000 
101C    $011-08-03 
101U    $0utf8 
144Z/20 $aj03aug 
145S/01 $a032 
145S/06 $a770 
145Z/01 $a900 M 0059 k Sherwood, F. 

exp: 10548812 3 1 #EPN
201B/01 $028-03-07 $t09:35:18.000 
201C/01 $005-05-03 
201U/01 $0utf8 
203@/01 $0183444426 
208@/01 $a15-07-03 $bzAa 
209A/01 $a13.226.79 $du $f000 $h13 226 79 $x00 
209G/01 $a13226792 $x00 
247C/01 $8601000-3 <30>Frankfurt, Universitätsbibliothek J. C. Senckenberg, Zentralbibliothek (ZB) $9102598258 

lok: 10548812 24
101B    $014-01-05 $t11:36:10.000 
101C    $014-01-05 
145Z/01 $a57 USA 
145Z/02 $a23 7 W 
145Z/03 $a23 10 F 
145Z/04 $a23 3 F 
101U    $0utf8 

exp: 10548812 24 1 #EPN
201B/01 $025-11-04 $t08:44:25.000 
201C/01 $015-11-04 
203@/01 $0221841660 
208@/01 $a15-11-04 $bz 
209A/01 $a04.4116 $du $f050 $h04 4116 $x00 
209C/01 $a04.4116 K $h04 4116 K 
209G/01 $a70585634 $x00 
220C/01 $awar/hae 
247C/01 $8358050-7 Marburg, Bibliothek des Herder-Instituts Marburg $9102600961 
201U/01 $0utf8
LEADER 00000cam a22000002c 4500
001 105488127
003 DE-603
005 20251024082841.0
007 tu
008 020705s2002 xx |||| | u00||u|eng c
010 |a 2002000520 
020 |a 0393021386  |c USD 25.95 Hardbound book 
035 |a (DE-599)HEB105488127 
035 |a (OCoLC)48837627 
040 |a DE-603  |b ger  |c DE-603  |d DE-603 
041 |a eng 
050 0 |a PS3569 
082 0 4 |8 1\u  |a 900.94371  |q DE-101  |2 23/BSB 
083 0 |8 2\u  |a 800  |q DE-101  |2 23/BSB 
083 0 |8 3\u  |a 909.04924094371  |q DE-101  |2 23/BSB 
083 7 |8 4\p  |a 813.54  |2 21/oclc 
085 |8 1\u  |b 900 
085 |8 1\u  |z 2  |s 4371 
085 |8 2\u  |b 800 
085 |8 2\u  |z 2  |s 4371 
085 |8 3\u  |b 909.04924 
085 |8 3\u  |z 2  |s 4371 
100 1 |a Sherwood, Frances  |d 1940-  |e Verfasser  |4 aut  |0 (DE-603)155541218  |0 (DE-588)124953875  |2 gnd 
245 0 0 |a ˜Theœ book of splendor  |c Frances Sherwood 
250 |a 1. ed. 
264 1 |a New York  |b Norton  |c 2002 
300 |a 348 Seiten 
336 |a Text  |b txt  |2 rdacontent 
337 |a ohne Hilfsmittel zu benutzen  |b n  |2 rdamedia 
338 |a Band  |b nc  |2 rdacarrier 
650 7 |a Englisch  |0 (DE-588)4014777-0  |0 (DE-603)085033405  |2 gnd 
650 7 |a Roman  |0 (DE-588)4050479-7  |0 (DE-603)085140708  |2 gnd 
650 7 |a Juden  |0 (DE-588)4028808-0  |0 (DE-603)085075922  |2 gnd 
883 0 |8 4\p  |q LoC 
924 0 |9 30  |a (DE-603)183444426  |b DE-30  |c HES  |d c  |g 13.226.79 
924 0 |9 Mb 50  |a (DE-603)221841660  |b DE-Mb50  |c HES  |d c  |g 04.4116